[Event "Wch Seniors 65 28th"]
[Site "Bled"]
[Date "2018.11.25"]
[Round "7"]
[White "Pressl, Harald"]
[Black "Zybura, Andre"]
[Result "0-1"]
[WhiteElo "1892"]
[BlackElo "1863"]
[PlyCount "42"]
[EventDate "2018.11.18"]
[EventType "swiss"]
[EventRounds "11"]
[EventCountry "SLO"]
[SourceTitle "CBM 187 Extra"]
[Source "ChessBase"]
[SourceDate "2018.11.04"]
[SourceVersion "1"]
[SourceVersionDate "2018.11.04"]
[SourceQuality "1"]

1. c4 c5 2. Nc3 Nc6 3. g3 g6 4. Bg2 Bg7 5. e4 Nf6 6. Nge2 d6 7. 0-0 0-0 8. h3 a6 9. Rb1 Rb8 10. a3 b5 11. cxb5 axb5 12. d4 b4 13. axb4 Nxb4 14. dxc5 dxc5 15. Be3 Qc7 16. Na4 Rd8 17. Qc1 Ba6 18. Bf3 Nd3 19. Qc2 Ne5 20. Bf4 Nxf3+ 21. Kg2 e5 0-1

[Event "Reykjavik op"]
[Site "Reykjavik"]
[Date "2017.04.20"]
[Round "2"]
[White "Smith, Chris P"]
[Black "Zybura, Andre"]
[Result "0-1"]
[WhiteElo "1504"]
[BlackElo "1894"]
[PlyCount "54"]
[EventDate "2017.04.19"]
[EventType "swiss"]
[EventRounds "10"]
[EventCountry "ISL"]
[SourceTitle "CBM 178 Extra"]
[Source "ChessBase"]
[SourceDate "2017.06.22"]
[SourceVersion "1"]
[SourceVersionDate "2017.06.22"]
[SourceQuality "1"]

1. d4 Nf6 2. c4 c5 3. d5 b5 4. Qc2 e6 5. e4 bxc4 6. Bxc4 exd5 7. Bxd5 Nxd5 8. exd5 d6 9. Nf3 Be7 10. 0-0 0-0 11. Nc3 Nd7 12. Ne4 Nf6 13. Nxf6+ Bxf6 14. Bf4 Rb8 15. Rab1 g6 16. Qd2 Bf5 17. Rbc1 Rxb2 18. Qe3 Re8 19. Qa3 Ree2 20. Qxa7 Rxa2 21. Qb7 Reb2 22. Qc6 Rb6 23. Bh6 Rxc6 24. dxc6 Bg7 25. Bxg7 Kxg7 26. Rfe1 Qc7 27. Ng5 h6 0-1

[Event "CAN-ch Seniors 50+"]
[Site "Kitchener"]
[Date "2015.08.01"]
[Round "2"]
[White "Zybura, Andre"]
[Black "Cummings, David H"]
[Result "0-1"]
[WhiteElo "2125"]
[BlackElo "2428"]
[PlyCount "46"]
[EventDate "2015.07.31"]
[EventType "swiss"]
[EventRounds "7"]
[EventCountry "CAN"]
[SourceTitle "EXT 2022"]
[Source "ChessBase"]
[SourceDate "2021.10.06"]
[SourceVersion "1"]
[SourceVersionDate "2021.10.06"]
[SourceQuality "1"]

1. e4 e5 2. Bc4 Nf6 3. d4 exd4 4. Nf3 Bb4+ 5. Bd2 Bxd2+ 6. Nbxd2 Nc6 7. 0-0 d6 8. Re1 0-0 9. e5 Nxe5 10. Nxe5 dxe5 11. Rxe5 Qd6 12. Qe2 Bg4 13. f3 Bd7 14. Re1 c5 15. Qf2 b5 16. Bd3 Rae8 17. Qg3 Rxe5 18. Rxe5 Bc6 19. b3 h6 20. f4 Re8 21. Be4 Kf8 22. Qe1 Rxe5 23. fxe5 Qxe5 0-1

[Event "Wch Seniors 50 24th"]
[Site "Katerini"]
[Date "2014.10.27"]
[Round "4"]
[White "Limono, Handjojo"]
[Black "Zybura, Andre"]
[Result "1-0"]
[WhiteElo "1801"]
[BlackElo "1975"]
[PlyCount "93"]
[EventDate "2014.10.24"]
[EventType "swiss"]
[EventRounds "11"]
[EventCountry "GRE"]
[SourceTitle "EXT 2015"]
[Source "ChessBase"]
[SourceDate "2014.11.20"]
[SourceVersion "1"]
[SourceVersionDate "2014.11.20"]
[SourceQuality "1"]

1. c4 b6 2. Nc3 Bb7 3. d4 e6 4. d5 f5 5. dxe6 dxe6 6. Qxd8+ Kxd8 7. Bg5+ Be7 8. 0-0-0+ Nd7 9. Nf3 Bxf3 10. Bxe7+ Nxe7 11. gxf3 c6 12. Rg1 g6 13. f4 Kc7 14. Bg2 Rad8 15. e3 Nf6 16. Bf3 Rxd1+ 17. Rxd1 Rd8 18. Rxd8 Kxd8 19. Kd2 Kc7 20. Kd3 Kd6 21. b4 h5 22. Kd4 Ng4 23. c5+ Kd7 24. Bxg4 hxg4 25. Ke5 bxc5 26. bxc5 Ng8 27. Ne2 Ne7 28. Nd4 Nd5 29. Nxe6 Nb4 30. Nf8+ Ke8 31. Nxg6 Nxa2 32. Kxf5 Nb4 33. Ne5 a5 34. Kxg4 a4 35. Nc4 Nd3 36. Kf3 Nxc5 37. Ke2 Ne4 38. f3 Nc3+ 39. Kd2 Nb5 40. Kc2 Ke7 41. Kb2 Ke6 42. h4 Kf5 43. h5 c5 44. Na3 Nc7 45. Nc2 Nb5 46. Na3 Nc7 47. Kc2 1-0

[Event "Wch Seniors 23rd"]
[Site "Opatija"]
[Date "2013.11.22"]
[Round "10"]
[White "Zybura, Andre"]
[Black "Korenevski, Oleg"]
[Result "0-1"]
[WhiteElo "1990"]
[BlackElo "1880"]
[PlyCount "44"]
[EventDate "2013.11.12"]
[EventType "swiss"]
[EventRounds "11"]
[EventCountry "CRO"]
[SourceTitle "CBM 157 Extra"]
[Source "ChessBase"]
[SourceDate "2013.12.19"]
[SourceVersion "1"]
[SourceVersionDate "2013.12.19"]
[SourceQuality "1"]

1. e4 e5 2. Bc4 Nf6 3. d4 exd4 4. Nf3 Nc6 5. 0-0 Bc5 6. e5 d5 7. exf6 dxc4 8. Re1+ Be6 9. Ng5 g6 10. Rxe6+ fxe6 11. Nxe6 Qd6 12. Qe1 d3 13. f7+ Kxf7 14. Ng5+ Kg8 15. Qe4 dxc2 16. Nd2 Qd4 17. Qe2 Rf8 18. Ne6 Qxf2+ 19. Qxf2 Bxf2+ 20. Kf1 Rf6 21. Ne4 Rxe6 22. Nxf2 Nd4 0-1

[Event "Wch Seniors 22nd"]
[Site "Kamena Vourla"]
[Date "2012.11.23"]
[Round "10"]
[White "Zybura, Andre"]
[Black "Nielsen, Poul Erik1"]
[Result "1-0"]
[WhiteElo "1977"]
[BlackElo "2093"]
[PlyCount "69"]
[EventDate "2012.11.13"]
[EventType "swiss"]
[EventRounds "11"]
[EventCountry "GRE"]
[SourceTitle "CBM 151 Extra"]
[Source "ChessBase"]
[SourceDate "2012.12.18"]
[SourceVersion "1"]
[SourceVersionDate "2012.12.18"]
[SourceQuality "1"]

1. e4 d6 2. d4 g6 3. Nc3 Bg7 4. Bc4 Nd7 5. Nf3 h6 6. Be3 c6 7. a4 e6 8. Qd2 Ngf6 9. h3 d5 10. exd5 Nxd5 11. Nxd5 exd5 12. Bd3 Nf6 13. 0-0 Be6 14. Ne5 Qc8 15. Kh2 Ne4 16. Bxe4 dxe4 17. f3 exf3 18. Rxf3 h5 19. Bg5 Bf5 20. Qb4 f6 21. Nxg6 Bxg6 22. Re1+ Kf7 23. Qc4+ Kf8 24. Bxf6 Bxf6 25. Rxf6+ Kg7 26. Rxg6+ Kxg6 27. Re6+ Kg7 28. Re7+ Kh6 29. Qf7 Rg8 30. Qh7+ Kg5 31. Re5+ Kf6 32. Qe7+ Kg6 33. Rg5+ Kh6 34. Qf6+ Kh7 35. Rxh5# 1-0

[Event "Wch Seniors 22nd"]
[Site "Kamena Vourla"]
[Date "2012.11.22"]
[Round "9"]
[White "Markovic, Lazar"]
[Black "Zybura, Andre"]
[Result "1/2-1/2"]
[WhiteElo "2197"]
[BlackElo "1977"]
[PlyCount "28"]
[EventDate "2012.11.13"]
[EventType "swiss"]
[EventRounds "11"]
[EventCountry "GRE"]
[SourceTitle "CBM 151 Extra"]
[Source "ChessBase"]
[SourceDate "2012.12.18"]
[SourceVersion "1"]
[SourceVersionDate "2012.12.18"]
[SourceQuality "1"]

1. e4 e5 2. Nf3 Nf6 3. d4 exd4 4. e5 Ne4 5. Qxd4 d5 6. exd6 Nxd6 7. Bg5 f6 8. Bf4 Nc6 9. Qd2 Bd7 10. Nc3 Qe7+ 11. Be2 0-0-0 12. 0-0-0 Ne4 13. Nxe4 Qxe4 14. Qe3 Qa4 1/2-1/2

[Event "Wch Seniors 22nd"]
[Site "Kamena Vourla"]
[Date "2012.11.15"]
[Round "3"]
[White "Rakhimberdiyev, Atalyk"]
[Black "Zybura, Andre"]
[Result "1-0"]
[WhiteElo "2133"]
[BlackElo "1977"]
[PlyCount "47"]
[EventDate "2012.11.13"]
[EventType "swiss"]
[EventRounds "11"]
[EventCountry "GRE"]
[SourceTitle "CBM 151 Extra"]
[Source "ChessBase"]
[SourceDate "2012.12.18"]
[SourceVersion "1"]
[SourceVersionDate "2012.12.18"]
[SourceQuality "1"]

1. Nf3 d5 2. d4 Nf6 3. e3 e6 4. Be2 c5 5. 0-0 Nc6 6. b3 Be7 7. Bb2 0-0 8. Nbd2 b6 9. Ne5 Bb7 10. f4 Nd7 11. Nxc6 Bxc6 12. Bd3 cxd4 13. Bxd4 Bf6 14. Rf3 g6 15. c3 e5 16. fxe5 Bxe5 17. Rh3 Bxd4 18. exd4 Nf6 19. Qf3 Kg7 20. Qf4 Ng8 21. Rf1 Rc8 22. Qe5+ f6 23. Rxh7+ Kxh7 24. Qh5+ 1-0

[Event "Wch Seniors 22nd"]
[Site "Kamena Vourla"]
[Date "2012.11.13"]
[Round "1"]
[White "Filipenko, Alexander V"]
[Black "Zybura, Andre"]
[Result "1-0"]
[WhiteElo "2321"]
[BlackElo "1977"]
[PlyCount "65"]
[EventDate "2012.11.13"]
[EventType "swiss"]
[EventRounds "11"]
[EventCountry "GRE"]
[SourceTitle "CBM 151 Extra"]
[Source "ChessBase"]
[SourceDate "2012.12.18"]
[SourceVersion "1"]
[SourceVersionDate "2012.12.18"]
[SourceQuality "1"]

1. e4 e5 2. Nf3 Nf6 3. Nxe5 Nxe4 4. Qe2 Qe7 5. Qxe4 d6 6. d4 dxe5 7. dxe5 Nc6 8. Nc3 Qxe5 9. Qxe5+ Nxe5 10. Nb5 Bb4+ 11. c3 Ba5 12. Bf4 f6 13. Bxe5 fxe5 14. Na3 c6 15. Nc4 Bc7 16. Ne3 Be6 17. Bc4 Bxc4 18. Nxc4 0-0-0 19. Nd2 Rd3 20. Ke2 Rhd8 21. Ne4 h6 22. h4 Bb6 23. h5 R3d7 24. Rh4 Rf8 25. Rg4 Rf4 26. f3 Rxg4 27. fxg4 Kd8 28. Rf1 Ke8 29. g5 hxg5 30. h6 gxh6 31. Nf6+ Ke7 32. Nxd7 Kxd7 33. Rf6 1-0

[Event "Guelph Winter ProAm"]
[Site "Guelph"]
[Date "2011.02.05"]
[Round "2"]
[White "Becker, Paul"]
[Black "Zybura, Andre"]
[Result "1-0"]
[WhiteElo "2077"]
[BlackElo "2007"]
[PlyCount "37"]
[EventDate "2011.02.05"]
[EventType "swiss"]
[EventRounds "5"]
[EventCountry "CAN"]
[SourceTitle "EXT 2022"]
[Source "ChessBase"]
[SourceDate "2021.10.06"]
[SourceVersion "1"]
[SourceVersionDate "2021.10.06"]
[SourceQuality "1"]

1. e4 e5 2. Nf3 Nf6 3. Nxe5 Nxe4 4. Qe2 Qe7 5. Qxe4 d6 6. d4 dxe5 7. dxe5 Nc6 8. Bb5 Bd7 9. Nc3 0-0-0 10. 0-0 Qb4 11. e6 fxe6 12. Bxc6 bxc6 13. Bg5 Re8 14. Qxb4 Bxb4 15. Ne4 h6 16. Be3 Kb7 17. Rad1 Rd8 18. Rd3 Bc8 19. Rb3 1-0

[Event "Guelph Winter ProAm"]
[Site "Guelph"]
[Date "2011.02.05"]
[Round "1"]
[White "Zybura, Andre"]
[Black "Semianiuk, Konstantin"]
[Result "0-1"]
[WhiteElo "2007"]
[BlackElo "2428"]
[PlyCount "64"]
[EventDate "2011.02.05"]
[EventType "swiss"]
[EventRounds "5"]
[EventCountry "CAN"]
[SourceTitle "EXT 2022"]
[Source "ChessBase"]
[SourceDate "2021.10.06"]
[SourceVersion "1"]
[SourceVersionDate "2021.10.06"]
[SourceQuality "1"]

1. e4 c5 2. d4 cxd4 3. c3 d3 4. Bxd3 g6 5. Nf3 Bg7 6. Bf4 d6 7. Nbd2 Nf6 8. 0-0 0-0 9. Qe2 Nc6 10. Rad1 Nd7 11. Rfe1 a6 12. Nc4 b5 13. Ne3 b4 14. Nd4 Nxd4 15. cxd4 Bxd4 16. Bh6 Bg7 17. Bxg7 Kxg7 18. Qd2 a5 19. Ng4 Nc5 20. Qh6+ Kg8 21. Ne3 Be6 22. Nf5 gxf5 23. Re3 f4 24. Bb1 fxe3 25. e5 exf2+ 26. Kh1 f5 27. exf6 Rf7 28. Rf1 Qf8 29. Qg5+ Kh8 30. Qh4 exf6 31. Rxf2 f5 32. Qd4+ Qg7 0-1

[Event "Canadian op"]
[Site "Toronto"]
[Date "2010.07.15"]
[Round "6.30"]
[White "Aronov, Yuri"]
[Black "Zybura, Andre"]
[Result "1-0"]
[WhiteElo "2301"]
[BlackElo "1989"]
[PlyCount "67"]
[EventDate "2010.07.10"]
[EventType "swiss"]
[EventRounds "9"]
[EventCountry "CAN"]
[SourceTitle "EXT 2022"]
[Source "ChessBase"]
[SourceDate "2021.10.06"]
[SourceVersion "1"]
[SourceVersionDate "2021.10.06"]
[SourceQuality "1"]

1. d4 Nf6 2. c4 g6 3. Nc3 Bg7 4. e4 d6 5. Nf3 0-0 6. Be2 e5 7. Be3 exd4 8. Nxd4 Nc6 9. 0-0 Re8 10. f3 Nh5 11. Qd2 f5 12. Nxc6 bxc6 13. Bg5 Bxc3 14. bxc3 Nf6 15. Qd4 Kg7 16. Qd2 Qe7 17. Bd3 Qe5 18. Rae1 fxe4 19. Bxe4 Qc5+ 20. Be3 Nxe4 21. fxe4 Qxc4 22. Bd4+ Re5 23. Bxe5+ dxe5 24. Qd8 Qc5+ 25. Kh1 Kh6 26. Qf8+ Qxf8 27. Rxf8 Rb8 28. h3 Kg5 29. Kh2 h5 30. Re3 h4 31. c4 Kh5 32. Rd3 g5 33. Rdd8 g4 34. hxg4+ 1-0